Представление документа в формате RUSMARC

ПолеНазваниеЗначение
  Тип записи a
  Библиографический уровень c
001 Контрольный номер RU/SLIB/B/208787882
005 Дата корректировки 20201206204408.5
010 Индекс ISBN __
d Цена 1-90
101 Язык документа __
a Язык текста rus
c Язык оригинала rus
200 Заглавие и сведения об ответственности 1_
a Заглавие Рассказы о металлах
e Сведения, относящиеся к заглавию [для сред. шк. возраста]
f Первые сведения об ответственности Венецкий С. И. ; рис. Г. А. Жегина
b Общее обозначение материала Текст
205 Сведения об издании __
a Основные сведения об издании 3-е изд., доп.
210 Выходные данные __
a Место издания М.
c Издательство Металлургия
d Дата издания 1978
215 Физическое описание __
a Объем 240 с.
c Иллюстрации/тип воспроизводства ил.
330 Аннотация __
a Аннотация Множество интересных фактов и занимательных эпизодов о чудесных свойствах важнейших металлов и сплавов, истории их открытия и применения.
606 Тематические рубрики __
a Основная рубрика Технология металлов
606 Тематические рубрики __
a Основная рубрика Металловедение в целом
610 Ключевые слова __
a Ключевые слова детская литература; металлы; свойства металлов
686 Индексы других классификаций __
a Классификационный индекс ст34.2
700 Автор _1
a Фамилия Венецкий
b Имя С. И.
4 Код отношения 070
702 Вторичная интеллектуальная ответственность _1
a Фамилия Жегин
b Имя Г. А.
4 Код отношения Художник
4 Код отношения 040
801 Источник записи _0
a Страна RU
b Организация Муниципальное бюджетное учреждение культуры "Централизованная библиотечная система" г. Сургут (Центральная городская библиотека им. А. С. Пушкина)
g Правила каталогизации ЦДБ/Суздальцева
801 Источник записи _1
a Страна RU
b Организация Муниципальное бюджетное учреждение культуры "Централизованная библиотечная система" г. Сургут (Центральная городская библиотека им. А. С. Пушкина)
g Правила каталогизации ЦДБ/Суздальцева
852 Данные о местонахождении __
j Шифр хранения ст34.2
c Каталожный индекс ст34.2
i Авторский знак В 29
p Инвентарный номер 127271(с)
901 Тип документа 1_
t Тип документа x
903 Характеристики (МАРС) __
a Дата передачи 20060410
969 Тип издания __
a Тип издания сборник
990 Данные о заказе (DOS) __
j Количество экземпляров (DOS) 1
t N записи в КСУ для И/У (DOS) ретр